000 00298nam a22001337a 4500
008 170831b xxu||||| |||| 00| 0 eng d
020 _a0534551971
041 _aeng
080 _22ND
_a070
100 _a40
101 _aMED
245 _aCONFIDENT PUBLIC SPEAKING
_cSELLNOW,D.D
942 _2udc
_cBK
999 _c25853
_d25853